Library of the University of Algiers 3
Ibrahim Sultan Cheibout
شعار جامعة الجزائر 3
مكتبة جامعة الجزائر 3
إبراهيم سلطان شيبوط

مشاركات استثمارية من أجل الرخاء : (رقم التسجيلة. 42941)

تفاصيل مارك
000 -LEADER
fixed length control field 01414nam a2200217Ia 4500
003 - CONTROL NUMBER IDENTIFIER
control field Ost
005 - DATE AND TIME OF LATEST TRANSACTION
control field 20260507075113.0
008 - FIXED-LENGTH DATA ELEMENTS--GENERAL INFORMATION
fixed length control field 260507s9999||||xx |||||||||||||| ||und||
020 ## - INTERNATIONAL STANDARD BOOK NUMBER
International Standard Book Number 9772580942
040 ## - CATALOGING SOURCE
Transcribing agency fsecg
041 ## - LANGUAGE CODE
Language code of text/sound track or separate title ara
082 ## - DEWEY DECIMAL CLASSIFICATION NUMBER
Classification number 600
100 ## - MAIN ENTRY--PERSONAL NAME
Personal name لويس، جوردان د
Relator term مؤلف
245 #0 - TITLE STATEMENT
Title مشاركات استثمارية من أجل الرخاء :
Remainder of title بناء وإدارة التحالفات الإستراتيجية /
Statement of responsibility, etc. جوردان د لويس
260 ## - PUBLICATION, DISTRIBUTION, ETC.
Place of publication, distribution, etc. القاهرة:
Name of publisher, distributor, etc. الدار العربية للنشر,
Date of publication, distribution, etc. 1996
300 ## - PHYSICAL DESCRIPTION
Extent 479 صفحة؛
Other physical details إيضاحات ؛
Dimensions 24 سم
504 ## - BIBLIOGRAPHY, ETC. NOTE
Bibliography, etc. note ببليوغرافيا:ص.5
520 ## - SUMMARY, ETC.
Summary, etc. إطار عمل استراتيجي جديد:لماذا أصبحت التحالفات غاية في الأهمية،التعاون بهدف تحقيق ميزة تنافسية،استخدام التحالفات في بناء القدرة التسويقية،أنواع التحالفات:العمل مع التحالفات غير الرسمية والتعاقدية،التعامل مع التحالفات ذات الاستثمارات الصغيرة تنظيم وإدارة المشروعات المشتركة،التحالفات مع الجامعات،التنفيذ:البحث الدؤوب عن الفرص،انتقاء الشركاء وبناء التحالفات
653 ## - INDEX TERM--UNCONTROLLED
Uncontrolled term إدارة الأعمال العامة
942 ## - ADDED ENTRY ELEMENTS (KOHA)
Koha item type كتب
المقتنيات
Withdrawn status Lost status Source of classification or shelving scheme Damaged status Not for loan Home library Current library Date acquired Serial enumeration / chronology Inventory number Total checkouts Full call number Barcode Date last seen Price effective from Koha item type
    Dewey Decimal Classification   NOT LOAN / إعارة داخلية مكتبة كلية العلوم الإقتصادية والعلوم التجارية وعلوم التسيير مكتبة كلية العلوم الإقتصادية والعلوم التجارية وعلوم التسيير 07/05/2026 الطابق الأرضي 1548/1   أ/1548ن1 1548/1 07/05/2026 07/05/2026 كتب
    Dewey Decimal Classification   Available مكتبة كلية العلوم الإقتصادية والعلوم التجارية وعلوم التسيير مكتبة كلية العلوم الإقتصادية والعلوم التجارية وعلوم التسيير 07/05/2026 الطابق الثاني 1548/2   أ/1548ن2 1548/2 07/05/2026 07/05/2026 كتب

موارد الويب المفتوحة


© University of Algiers 3 All Rights Reserved
|
Implemented by LECHELAH Riad